LIBRARY & INFORMATION CENTRE, KCAET, TAVANUR

ONLINE PUBLIC ACCESS CATALOGUE (OPAC)

Randidangazhi (Record no. 15360)

MARC details
000 -LEADER
fixed length control field 00318nam a22001337a 4500
020 ## - INTERNATIONAL STANDARD BOOK NUMBER
ISBN 9788171306732
082 ## - DEWEY DECIMAL CLASSIFICATION NUMBER
Classification number 894.812 3
Item number SIV/RA
100 ## - MAIN ENTRY--AUTHOR NAME
Personal name Sivasankarapilla,Thakazhi
245 ## - TITLE STATEMENT
Title Randidangazhi
260 ## - PUBLICATION, DISTRIBUTION, ETC. (IMPRINT)
Place of publication Kottayam
Name of publisher D.C Books
Year of publication 2017
300 ## - PHYSICAL DESCRIPTION
Number of Pages 111
650 ## - SUBJECT ADDED ENTRY--TOPICAL TERM
Topical Term Malayalam Fiction
942 ## - ADDED ENTRY ELEMENTS (KOHA)
Koha item type Books
Holdings
Withdrawn status Lost status Damaged status Home library Current library Date acquired Cost, normal purchase price Full call number Accession Number Koha item type
      KAUAET KAUAET 12/04/2018 100.00 894.812 3 SIV/RA 25655 Books
free website counter